| 000 | 00676nam a2200217 a 4500 | ||
|---|---|---|---|
| 008 | 951121s1972||||[C 0 slo c | ||
| 040 |
_aSNK _bslo _cSNK _eAACR2 |
||
| 041 | 1 |
_aslo _hslo |
|
| 044 |
_axo _cSK |
||
| 080 | _a14(091) | ||
| 100 | 1 | _4aut | |
| 245 | 1 | 0 |
_aŽivotopis Karola Marxa _cMilan Zigo ; Ladislav Donauer |
| 250 | _a1., vyd. | ||
| 260 |
_aBratislava _bPravda _c1972 _eBratislava _fPravda |
||
| 300 |
_a287 s., 17,61 AH _c21 cm |
||
| 490 | 0 | _aČlenská knižnica Pravda | |
| 500 | _aLit. 289. Ilustr. na front. a predsádkach. 289 zázn. v slov., češ., ruš., nem., franc., maď. a poľ. | ||
| 700 | 1 |
_aDonauer, Ladislav _4bkd |
|
| 958 | _aA | ||
| 020 | _c20 | ||
| 999 |
_c15528 _d15528 |
||